00430 2200169 4500001002100000005001500021035002000036007000300056008004100059020002200100082001100122084002100133100001500154245004400169260002900213300001800242INLIS00000000000012820210412122152 a0010-0421000128ta210412 g 0 ind  a978-979-571-490-3 a530.30 a530.30 SAL e.c.10 aAgus Salam1 aEnsiklopedi Fisika, Listrik, dan Magnet aJakarta :bGanece,c2007 a44 ;c29,5 cm